Sports Quiz

Random Sports or NBA Quiz

NBA: 500+ Starts with Drafting Team Quiz Stats

 Plays Quiz Updated May 15, 2019

Score 0/67 Timer 10:00
0 Plays Today
Team Player % Correct
CLELeBron James (848)
94.4%
CHIMichael Jordan (919)
92.1%
LACDeAndre Jordan (638)
91.4%
OKCKevin Durant (641)
89%
GSWStephen Curry (688)
88.6%
OKCRussell Westbrook (804)
87.8%
SASTim Duncan (1,389)
85.7%
LALMagic Johnson (763)
84.8%
WASJohn Wall (561)
84.6%
GSWKlay Thompson (578)
83.4%
MIADwyane Wade (847)
82.4%
UTAKarl Malone (1,429)
82.1%
BOSLarry Bird (870)
82%
SASTony Parker (1,151)
81.7%
PHIAllen Iverson (717)
81.1%
BOSPaul Pierce (1,099)
80.9%
UTAJohn Stockton (1,300)
80.3%
CHAKemba Walker (560)
79.5%
PORDamian Lillard (549)
78.3%
SASDavid Robinson (985)
78.1%
MILGlenn Robinson (558)
77.7%
INDReggie Miller (1,304)
77.6%
MINKevin Garnett (933)
75.5%
LACBlake Griffin (504)
75.1%
DENCarmelo Anthony (564)
74.6%
HOUHakeem Olajuwon (1,149)
73.7%
ORLDwight Howard (620)
72.7%
DETIsiah Thomas (971)
72.1%
TORDeMar DeRozan (663)
71%
PHOSteve Nash (614)
70.7%
NYKPatrick Ewing (1,039)
70.2%
OKCGary Payton (993)
66.9%
PORClyde Drexler (733)
62.7%
ATLAl Horford (574)
61.2%
Team Player % Correct
MEMMike Conley (758)
59.4%
LALJames Worthy (717)
59.2%
DALJason Kidd (500)
59%
BRKBrook Lopez (527)
55.7%
ATLJosh Smith (654)
55%
PHICharles Barkley (582)
54.8%
DETJoe Dumars (944)
52.7%
GSWChris Mullin (688)
49.8%
BOSAntoine Walker (537)
47%
DETTayshaun Prince (737)
43.2%
BRKBuck Williams (633)
42.1%
PHIAndre Iguodala (615)
41.3%
INDRik Smits (792)
40.4%
PHOShawn Marion (647)
38.8%
LALA.C. Green (512)
37.4%
LALDerek Fisher (593)
37%
INDDale Davis (617)
35.8%
CLEBrad Daugherty (546)
33.8%
OKCRashard Lewis (528)
31.7%
ORLNick Anderson (564)
31.3%
PORTerry Porter (613)
30.1%
UTAMark Eaton (815)
28.8%
CHIKirk Hinrich (583)
28.8%
DALMark Aguirre (527)
27.8%
CLEZydrunas Ilgauskas (673)
26.4%
PHIMaurice Cheeks (610)
24.5%
SASSean Elliott (639)
24.1%
DALRolando Blackman (781)
22.3%
MILSidney Moncrief (510)
21%
ATLKevin Willis (592)
20.1%
DALDerek Harper (620)
18.3%
ATLDoc Rivers (516)
17.7%
INDVern Fleming (520)
4.4%

You're not logged in!

Compare scores with friends on all Sporcle quizzes.
OR
Log In

Sporcle TV

Today on Sporcle TV


Watch our educational content, quiz creation guides, and fun videos on Sporcle TV.

Show Comments

Extras

Top Quizzes Today


Score Distribution

Your Account Isn't Verified!

In order to create a playlist on Sporcle, you need to verify the email address you used during registration. Go to your Sporcle Settings to finish the process.

Report this User

Report this user for behavior that violates our Community Guidelines.

Details: